000
00209 a2200097 4500
001
3121
090
_c
2403
_d
2403
100
_a
Lindholm, C
245
_a
Frontier perspectives
260
_a
karachi
_b
Oxford
_c
1996
942
_a
NUST-CAE
_k
305.8LIN
999
_c
238194
_d
238194